| 000 | 00414nam a22001457u 4500 | ||
|---|---|---|---|
| 008 | 130405s2009 xxu||||| |||| 00| 0 spa d | ||
| 020 | _a9788431326432 | ||
| 041 | _aspa | ||
| 100 | 1 |
_aCruz Cruz, Juan _93136 |
|
| 245 | 0 | 0 |
_aFragilidad humana y ley natural _b:Cuestiones disputadas en el Siglo de Oro _cJuan Cruz Cruz |
| 260 |
_aPamplona: _bEUNSA, _c2009 |
||
| 300 |
_a293 p. _c;24 cm. |
||
| 942 | _cBK | ||
| 001 | 92233 | ||
| 999 |
_c249210 _d249210 |
||